Razones para una revolución. (Registro nro. 2345)
[ vista simple ]
| 000 -CABECERA | |
|---|---|
| campo de control de longitud fija | 00513nam a22002057a 4500 |
| 001 - NÚMERO DE CONTROL | |
| campo de control | T027600001169 |
| 008 - DATOS DE LONGITUD FIJA--INFORMACIÓN GENERAL | |
| campo de control de longitud fija | 181111b xve|||||r|||| 00| | esp d |
| 020 ## - NÚMERO INTERNACIONAL ESTÁNDAR DEL LIBRO | |
| Número Internacional Estándar del Libro | 980-01-1278-2 |
| 099 ## - SIGNATURA TOPOGRÁFICA LOCAL | |
| Número de clasificación | 320 |
| Cutter | S228 |
| Fecha | Cota Rep. 1 |
| 100 ## - ENTRADA PRINCIPAL--NOMBRE DE PERSONA | |
| Nombre de persona | Sanoja, Mario |
| 245 ## - MENCIÓN DE TÍTULO | |
| Título | Razones para una revolución. |
| 260 ## - PUBLICACIÓN, DISTRIBUCIÓN, ETC. (PIE DE IMPRENTA) | |
| Lugar de publicación, distribución, etc. | 2005 |
| 300 ## - DESCRIPCIÓN FÍSICA | |
| Extensión | 162 |
| 500 ## - NOTA GENERAL | |
| Nota general | |
| 650 ## - PUNTO DE ACCESO ADICIONAL DE MATERIA--TÉRMINO DE MATERIA | |
| Término de materia o nombre geográfico como elemento inicial | Cambio social en Venezuela. |
| 650 ## - PUNTO DE ACCESO ADICIONAL DE MATERIA--TÉRMINO DE MATERIA | |
| Término de materia o nombre geográfico como elemento inicial | Bases del cambio social. |
| 650 ## - PUNTO DE ACCESO ADICIONAL DE MATERIA--TÉRMINO DE MATERIA | |
| Término de materia o nombre geográfico como elemento inicial | Integración regional. |
| 700 ## - PUNTO DE ACCESO ADICIONAL--NOMBRE DE PERSONA | |
| Nombre de persona | Vargas, Iraida. |
| Término indicativo de función/relación | |
| 942 ## - ELEMENTOS DE PUNTO DE ACCESO ADICIONAL (KOHA) | |
| Tipo de ítem Koha | Libro |
| Estado de retiro | Estado de pérdida | Estado dañado | No para préstamo | Localización permanente | Ubicación/localización actual | Fecha de adquisición | Total de préstamos | Signatura topográfica completa | Código de barras | Fecha visto por última vez | Precio válido a partir de | Tipo de ítem Koha | Número de copia |
|---|---|---|---|---|---|---|---|---|---|---|---|---|---|
| Oscar Varsavsky | Oscar Varsavsky | 13.11.2018 | 320 S228 Cota Rep. 1 | T027600001161 | 13.11.2018 | 13.11.2018 | Libro | ||||||
| Oscar Varsavsky | Oscar Varsavsky | 13.11.2018 | 320 S228 Cota Rep. 1 | T027600010912 | 13.11.2018 | 13.11.2018 | Libro | e.2 | |||||
| Oscar Varsavsky | Oscar Varsavsky | 13.11.2018 | 320 S228 Cota Rep. 1 | T027600011537 | 13.11.2018 | 13.11.2018 | Libro | e.3 |